000 01021nam a22003137a 4500
001 21164750
005 20231101093906.0
008 231101b |||||||| |||| 00| 0 eng d
010 _a 2019949073
020 _a9781526419088
_q(paperback)
020 _a9781526419071
_q(hardback)
040 _aDLC
_beng
_erda
_cKMU
_dKMU
042 _apcc
050 _aJ A86 Lam
100 1 _aLamont, Christopher,
_eauthor.
245 1 0 _aResearch methods in politics and international relations /
_cChristopher Lamont, Mietek Boduszynski.
263 _a2004
264 1 _aThousand Oaks :
_bSAGE,
_c2020.
300 _axvi, 229 pages :
_c24 cm.
336 _atext
_btxt
_2rdacontent
337 _aunmediated
_bn
_2rdamedia
338 _avolume
_bnc
_2rdacarrier
650 _aPolitical science-Research Methodology.
650 _aInternational relations-Research-Methodology.
700 1 _aBoduszynski, Mietek,
_eauthor.
906 _a0
_bibc
_corignew
_d2
_eepcn
_f20
_gy-gencatlg
942 _2lcc
_cBK
_n0
999 _c686
_d686